Teaching : an introduction
| Main Author: | |
|---|---|
| Format: | Book |
| Published: |
New York :
McGraw-Hill ,
1990
|
| Series: | Education series
|
| Subjects: |
MARC
| LEADER | 00000cam a2200000 7i4500 | ||
|---|---|---|---|
| 001 | 0000002082 | ||
| 002 | 000002276 | ||
| 005 | 20000330.0 | ||
| 020 | |a 0071006958 | ||
| 090 | 0 | 0 | |a 371.1102 |b DUK |
| 100 | 1 | |a Duke, Daniel Linden | |
| 245 | 1 | 0 | |a Teaching : |b an introduction |c Daniel Linden Duke |
| 260 | |a New York : |b McGraw-Hill , |c 1990 | ||
| 300 | |a 325p. ; |c 24cm. | ||
| 490 | 0 | |a Education series | |
| 650 | 0 | 0 | |a Teaching |
| 999 | |a 028171 |b BUKU |c PINJAMAN |e PERPUSTAKAAN KOMUNITI PETALING JAYA | ||